[Event "Dortmund SuperGM 25th"]
[Site "Dortmund"]
[Date "1997.07.12"]
[Round "8"]
[White "Huebner, Robert"]
[Black "Polgar, Judit"]
[Result "1/2-1/2"]
[WhiteElo "2580"]
[BlackElo "2670"]
[Annotator "Stohl,I"]
[PlyCount "96"]
[EventDate "1997.07.04"]
[EventType "tourn"]
[EventRounds "9"]
[EventCountry "GER"]
[EventCategory "18"]
[Source "ChessBase"]
[SourceDate "1997.09.29"]

1. d4 {Baburin,A Huzman} Nf6 2. Nf3 g6 3. g3 Bg7 4. Bg2 O-O 5. O-O d6 6. c4 Nc6
7. Nc3 Rb8 8. h3 a6 9. e4 Nd7 $5 {Baburin: Opening theory regards this move as
inferior to Black's common choice 9...b5. True to her style, Polgar chooses a
fighting continuation and avoids the more played} (9... b5 {when Black can at
most hope for a draw in an unpleasant endgame.} 10. e5 dxe5 (10... Nd7 11. e6
$1 fxe6 12. d5 exd5 13. cxd5 Na7 14. Nd4 Ne5 15. Nce2 Bd7 16. Nf4 Rxf4 17. Bxf4
c5 18. dxc6 Naxc6 19. Nxc6 Nxc6 20. Re1 Kh8 21. Rc1 Nd4 22. Bg5 Ne6 23. Qd2
Nxg5 24. Qxg5 Bf6 25. Qd2 b4 26. b3 a5 27. g4 Rb5 28. Re4 Kg7 29. Bf1 $16 {
Sandstrom,L-Ernst,T/SWE-ch Haninge/1997/}) 11. dxe5 Qxd1 12. Rxd1 Nd7 13. e6
fxe6 14. cxb5 axb5 15. Bf4 b4 16. Na4 Nb6 17. Nxb6 Rxb6 18. Rac1 Bxb2 19. Bxc7
Ra6 20. Rc4 $36 {Vaganian,R-Nijboer,F/Antwerpen op/1997/}) 10. Be3 ({More
aggressive and perhaps better is} 10. Bg5 $5 {The idea is to provoke Black to
chase away the B with h6, later winning a tempo by attacking the pawn with Qd2.
} Na5 $142 $5 (10... h6 $6 11. Be3 e5 (11... Na5 12. b3 c5 (12... b5 13. cxb5
axb5 14. Qd2 Kh7 15. Rfd1 e6 16. Rac1 b4 17. Ne2 Ba6 18. Nf4 e5 19. dxe5 Nxe5
20. Nxe5 Bxe5 21. Nd5 c5 22. Bxh6 $16 {Piket,J-Nijboer,F/Eindhoven ch-NL/1991/}
) 13. Qd2 Kh7 14. Rac1 Nc6 15. Rfd1 e5 16. dxc5 dxc5 17. Nd5 Nd4 18. Ne1 b6 (
18... f5 19. exf5 gxf5 20. f4 e4 21. Nc2 Nxc2 22. Rxc2 b6 23. g4 Nf6 24. Qe2
Qe8 25. Kh2 fxg4 26. Nxf6+ Bxf6 27. hxg4 Rg8 28. Bh3 Qg6 29. Rd6 $16 {
Fernandez,F-Perez/Badalona op/1993/}) 19. Nd3 Bb7 20. Bxd4 cxd4 21. b4 Bc6 22.
c5 b5 23. f4 $36 {Donchev,D-Ghinda,M/Prague zt/1985/}) (11... Kh7 12. Qc2 Na5
13. b3 b5 14. cxb5 axb5 15. Rad1 b4 16. Na4 Ba6 17. Rfe1 c6 18. h4 Kg8 19. e5
Nb6 20. Nxb6 Qxb6 21. h5 gxh5 22. Qf5 dxe5 23. dxe5 c5 24. Qxh5 Bb5 25. e6 $1
$40 {Horvath,I-Balazs,T/HUN-chT/1994/}) 12. Nd5 Na5 13. dxe5 Nxc4 14. exd6 Nxd6
15. Qc2 c6 16. Bf4 Nxe4 17. Bc7 Qe8 18. Nc3 Bxc3 19. bxc3 Ra8 20. Nd2 Nec5 21.
Rfe1 Ne6 22. Bd6 Nf6 23. Nc4 Qd8 24. Rad1 Nd5 25. Bxf8 Nxf8 26. Ne3 $18 {
Nikolic,P-Basagic,Z/JUG-ch Subotica/1984/}) 11. b3 c5 12. Qd2 Nc6 13. d5 Nd4
14. Nxd4 Bxd4 15. Rac1 b5 16. cxb5 axb5 17. b4 Ne5 18. Ne2 Bxh3 19. Nxd4 cxd4
20. Qxd4 Bxg2 21. Kxg2 f6 22. Bh6 Re8 23. Bf4 Ra8 24. Bxe5 fxe5 25. Qd2 Rf8 26.
Rc6 Ra3 $132 {Smejkal,J-Sznapik,A/Amsterdam IBM-B/1980/}) 10... Na5 (10... e5 {
Huzman} 11. Rc1 $14) 11. b3 (11. Qe2 b5 12. cxb5 axb5 13. Rac1 (13. Nxb5 $2 Ba6
14. a4 c6 $19) 13... c6 14. Rfd1 Nc4 15. b3 Nxe3 16. Qxe3 Qb6 17. Qd2 Ba6 18.
b4 Qa7 19. a4 bxa4 20. Nxa4 Nb6 21. Nb2 $11 {1/2,Zander,A-Roos,M/OLO-A/1995/})
(11. Nd2 {Huzman} b5 (11... c5 12. dxc5 dxc5 13. f4 $14 {[%cal Ge4e5]}) 12.
cxb5 axb5 13. a3 c5 $36) 11... b5 (11... c5 12. Rc1 b5 $5 (12... cxd4 13. Bxd4
Nc6 14. Bxg7 Kxg7 15. Nd5 Nde5 16. Ne1 f5 17. f4 Nf7 18. exf5 Bxf5 19. Nc2 e6
20. Nde3 Qb6 21. Kh1 Bxc2 22. Nxc2 Rfe8 23. Qd2 Qd8 24. Ne3 h5 25. Nd1 Qf6 26.
Nc3 Rbd8 27. Rcd1 Qe7 28. Rfe1 Qc7 29. Qb2 $16 {Steiger,W-Gersinska,J/Eppingen
MB/1988/}) 13. cxb5 axb5 14. dxc5 dxc5 15. Qd2 c4 16. b4 Nc6 17. Nd4 Nxd4 18.
Bxd4 Ne5 19. Rfd1 Be6 20. a4 bxa4 21. Nxa4 Nc6 22. Bxg7 Qxd2 23. Rxd2 Kxg7 24.
Nc5 Rxb4 25. Na6 Rb5 26. Nc7 Rc5 27. Na6 Rh5 28. Nc7 Rc5 29. Na6 Ra5 30. Nc7
Ra4 $15 {Froehlich,P-Maiwald,J/Dresden op/1994/}) 12. cxb5 axb5 13. Rc1 $146 ({
Baburin: It's quite interesting that the negative assessment of 9...Nd7 in
Geller's monograph on the KID (the Russian edition of 1980) is based on the
game Huebner-Hartston, 1968, which continued:} 13. Qd2 c6 14. Rfd1 (14. Bh6 {
Baburin,A} b4 15. Bxg7 Kxg7 16. Ne2 Nf6 17. Qe3 $16 {Baburin: It's probable
that Huebner did not want to allow Black to come up with some improvement over
that game and that was the reason for choosing 13 Rc1, a move which looks fine
as well.}) 14... b4 15. Na4 c5 16. Nb2 Bb7 17. Ne1 cxd4 18. Bxd4 Nc5 (18...
Bxd4 $142 19. Qxd4 Nc6) 19. Bxg7 Kxg7 20. Qxb4 Kg8 21. Nc4 Nxc4 22. Qxc4 Qb6
23. Qd4 Bc6 24. Rac1 Qa5 25. Rc2 Rb4 26. Qd2 Qb6 27. Nd3 $16 {Calvo,J-Gamez,A/
ESP-chT/1993/}) 13... b4 (13... c5 $5 $132 {-see Froehlich-Maiwald}) (13... Ba6
14. Re1 c5 15. Bf1 $1 $14 {[%cal Ra2a4] /\a4}) 14. Nd5 c6 15. Nf4 Ba6 16. Re1
Bb5 $6 (16... e5 $142 $5 17. dxe5 Nxe5 $132) 17. Nd3 (17. h4 $5 {[%cal Gh4h5]
Huzman} e5 18. dxe5 Nxe5 19. Nxe5 dxe5 (19... Bxe5 20. Nd3 Bc3 21. Bd2 Bxd2 22.
Qxd2 $16 {[%csl Ra5]}) 20. Ne2 Nb7 $11 {[%csl Rb7,Re2]}) 17... c5 $5 {
Otherwise Black would have to admit 16...Bb5 just lost a tempo.} (17... Ba6 18.
Qc2 $36) (17... Bxd3 18. Qxd3 $16 {[%csl Rc6,Gd4,Ge3,Ge4,Gg2] ^^[+],><c6}) 18.
dxc5 Bc3 (18... Bxd3 {Huzman} 19. Qxd3 Nxc5 20. Bxc5 dxc5 21. Qxd8 Rfxd8 22.
Rxc5 $16) 19. Bd2 $6 ({Stronger and more testing was the sacrificial   
Baburin: It is hard to understand why White did not offer an Exchange
sacrifice by playing} 19. cxd6 $142 $5 Bxe1 (19... exd6 20. Bd2 $16) 20. Nfxe1
(20. Ndxe1 $16 {Baburin,A}) 20... Nc6 (20... Bxd3 21. dxe7 (21. Qxd3 {Huzman}
Ne5 (21... exd6 22. Qxd6 Re8 23. Rd1 $5 Nf8 24. e5 $44) 22. Qd5 exd6 23. f4 Nd7
24. Qxd6 $44) 21... Qxe7 22. Nxd3 $16) (20... exd6 21. Nxb4 $16 {[%csl Ga2,Gb3,
Rd6] ><d6,o^a,b}) 21. dxe7 Qxe7 22. Nf4 $40) 19... Bxd2 20. Qxd2 Bxd3 21. Qxd3
(21. c6 $4 Nc5 $19) 21... Nxc5 22. Qe3 {[%cal Re4e5] /\e5|^} Ne6 {[%csl Rb4,
Rf6,Rg7,Rh6] ><b4>> Black's K-side is slightly weakened, potentially also Pb4
can be a problem. Although the position is rather simplified and Black has a
compact pawn structure, he must defend very carefully, as White's active
pieces can pose dangerous threats.His extra central pawn can make in impact in
an endgame, but the game will never get that far.} 23. Qh6 $14 {Baburin:
Occupation of the h6 square  here has the following reasons: White wants to
advance his h-pawn while at the same time preventing ...h7-h5; then he might
play Bg2-h3 and if necessary Nf3-g5.} (23. Nd4 Qb6 $5 (23... Nxd4 24. Qxd4 Qb6
25. Qxb6 Rxb6 26. e5 $1 $36) 24. Nxe6 Qxe3 25. Rxe3 fxe6 26. Rc7 Rb7 $11) ({
Baburin: However, the central strategy might be even more fruitful here and
White should seriously consider playing} 23. e5 $1 {Baburin,A} d5 24. Red1 {
Baburin: with strong pressure in the centre.}) 23... Nb7 $6 {Baburin: The
misplaced knight must come back to defend!} (23... Rc8 $142 $5) 24. h4 (24. e5
$142 $5 {[%cal Rc1c4,Rc4h4] /\Rc4-h4->} d5 25. Red1 Qa5 26. Rxd5 $1 Qxa2 (26...
Qxd5 27. Ng5 $18) 27. Rc4 $40) 24... Qa5 25. Bh3 (25. e5 Qxa2 26. exd6 Nxd6 27.
Rxe6 Nf5 $1 $17) 25... Nbd8 (25... Qxa2 $2 26. Bxe6 fxe6 27. Ng5 Qxf2+ 28. Kh1
Rf7 29. Rf1 $18 (29. Rf1 {Huzman} Qxf1+ 30. Rxf1 Rxf1+ 31. Kg2 $18)) (25...
Nbc5 {Huzman} 26. Re2 $36) 26. Re2 Rb5 27. Rc4 Rc5 28. Rxc5 (28. e5 $6 {Huzman}
Rxc4 29. bxc4 dxe5 30. Nxe5 Nd4) 28... Qxc5 {Baburin: Somehow White has let
Black out and the lion's share of his advantege has gone now. Black has
survived the first wave of the attack, but White's initiative is far from over.
} 29. Kg2 (29. e5 Qc3 (29... Nd4 $2 30. Ng5 Nxe2+ 31. Kg2 $18) (29... d5 30.
Rd2 $14) 30. Kg2 dxe5 31. Rxe5 Qb2 $11) 29... Qc3 30. h5 (30. e5 dxe5 31. Rxe5
Qc2 $132) 30... Qf6 (30... Qg7 31. Qd2 $16) 31. e5 (31. Qd2 Nc6 $11) 31... dxe5
32. Rxe5 (32. Nxe5 Nc5 (32... Nd4 33. Re4 $1 $40) 33. Qe3 Ndb7 $132) (32. Nxe5
$5 {Baburin,A}) 32... Nc6 33. hxg6 hxg6 (33... Qxg6 $2 34. Rxe6 fxe6 35. Bxe6+
Rf7 36. Qxg6+ hxg6 37. Ng5 $18) 34. Re4 (34. Rxe6 fxe6 35. Ng5 Qxf2+ 36. Kh1
Qe1+ 37. Kh2 Rf2+ (37... Qe2+ 38. Bg2 Qh5+ 39. Qxh5 gxh5 40. Bxc6 $14) 38. Bg2
Rxg2+ (38... Qc3 39. Qh7+ Kf8 40. Qxg6 $18) 39. Kxg2 Qe2+ $11) 34... Ncd4 (
34... Ned4 $2 35. Rf4 Nf5 36. Bxf5 gxf5 37. Qxf6 exf6 38. Rxf5 $18) 35. Ng1 $1
{Clever piece play by White, always creating new threats.} (35. Nxd4 Nxd4 36.
Rh4 (36. Qe3 $14 {Huzman}) 36... Qf3+ 37. Kh2 Qxf2+ 38. Kh1 Qe1+ $11) (35. Ne5
{Huzman} Rd8 36. Qe3 $132) 35... Rd8 (35... Ra8 36. Bxe6 Nxe6 37. Rxb4 $14) (
35... Rb8 36. Qd2 $36 {[%csl Rb4] ><b4}) 36. Bxe6 Nxe6 37. Nf3 $6 {White
should have finally transformed his initiative into material, now Black's
tenacious defence extricates him from danger.} (37. Rxb4 $142 $1 Nd4 (37... Qb2
38. Nf3 $16 Qxa2 $140 39. Rh4 Qb2 40. Nd4 $18) 38. Rc4 Qf5 (38... Qa6 {Huzman}
39. Qe3 $16) 39. Qe3 $14) 37... Rd3 38. Ne5 Qf5 $1 (38... Ng5 {Huzman} 39. Nxd3
(39. Rc4 Rd8 $17) (39. Re2 Rd5 40. f4 Rxe5 $1 41. Rxe5 Qc6+ 42. Kf2 Qf3+ 43.
Ke1 Ne4 $1 $19) 39... Qf3+ 40. Kh2 Nxe4 41. Qe3 $1 $14 {[%csl Rb4]}) (38... Rd4
{Huzman} 39. Qe3 $14) 39. Re1 Rd5 (39... Rc3 $142 $5 $15) (39... Rc3 $1 $15 {
Huzman}) 40. Nc6 Rd7 41. Re5 $1 ({Not} 41. Nxb4 $2 Ng5 $40 {Now the game
becomes rich with tactics.}) 41... Qf6 42. Qe3 (42. Rb5 Nf4+ 43. Kh2 $1 Ne6 $11
44. Qe3 (44. Rb8+ {Huzman} Rd8 45. Nxd8 Qxf2+ $11) 44... Nd4 $132) 42... Rd1 $5
(42... Nf4+ 43. Qxf4 Qxc6+ 44. Qe4 $11) 43. Re4 (43. Nxb4 $4 Qh8 $19) 43... g5
(43... Qa1 $5 44. Rxb4 Rg1+ 45. Kh2 $11 (45. Kf3 Qd1+ 46. Qe2 Ng5+ 47. Ke3 Re1
$19)) 44. Rxb4 (44. Nxb4 $4 Qh8 $19) 44... Qh6 45. Rh4 $8 Qf6 46. Rb4 (46. Rh1
$2 Nf4+ $1 47. gxf4 Qxc6+ 48. f3 Qc2+ 49. Qf2 Rd2 $19) (46. Rh3 g4 $1 (46...
Nf4+ $2 47. gxf4 Qxc6+ 48. Qf3 $16) (46... Rd6 {Huzman} 47. Ne5 Qf5 $44 {[%csl
Rh3]}) 47. Rh6 Qa1 48. Qe4 Ng5 49. Nxe7+ Kf8 50. Qa8+ Kxe7 51. Qa7+ Kf8 (51...
Rd7 $2 52. Qc5+) 52. Qb8+ (52. Qc5+ Ke8 53. Qb5+ $11) 52... Ke7 $11) 46... Qh6
47. Rh4 Qf6 48. Rb4 Qh6 1/2-1/2

[Event "VAM Hoogeveen"]
[Site "Hoogeveen"]
[Date "1997.10.16"]
[Round "5"]
[White "Van Wely, Loek"]
[Black "Polgar, Judit"]
[Result "0-1"]
[WhiteElo "2655"]
[BlackElo "2670"]
[Annotator "Hansen,Cu"]
[PlyCount "60"]
[EventDate "1997.10.11"]
[EventType "tourn"]
[EventRounds "6"]
[EventCountry "NED"]
[EventCategory "14"]
[Source "ChessBase"]
[SourceDate "1998.01.31"]

1. c4 {Petursson} c5 2. Nc3 Nc6 3. e3 Nf6 4. d4 d5 5. dxc5 $6 {A rather
unambitious move which allows black to take the pawn back by Bf8xc5 - without
losing a tempo. Normal is 5.Nf3 e6 6.a3 after which 6..Bd6 7.dxc5 Bxc5 would
give white the gamecontinuation one tempo up. That is why black normally waits
with 6..a6.} e6 6. a3 Bxc5 7. b4 Bd6 8. Nf3 O-O 9. cxd5 exd5 10. Nb5 Bb8 11.
Bb2 (11. Be2 Re8 12. O-O a6 13. Nbd4 Qd6 14. Bb2 Bg4 15. g3 $13 {Karolyi,
Tibor-Kristensen/Ballerup (04) 1985 (45)}) 11... a5 $1 12. bxa5 Ne4 $15 13. Be2
Qxa5+ 14. Kf1 {White was not allowed to castle so black should be better.
However only if she plays energitically. White controls the important square
d4, which makes it quite difficult for black to start an attack} Rd8 15. h3 Qb6
16. g3 Re8 17. Qe1 Na5 18. Bd4 Qg6 19. Kg2 Nc4 {White has succeded in in
getting the K into safety and connecting the Rs. However he had to pay a price.
To avoidl Bc8-h3+ Van Wely had to play h2-h3 which has made it neccesary to
place the Q rather passively on e1(to avoid sacrifices on g3).} 20. Nh4 Qc6 21.
a4 Ra6 22. Bg4 f5 $5 {A intesting P-sacrifice. Whites somewhat weak
P-structure f2-g3-h3 will come under strong pressure  after the <->f is opened.
} 23. Bxf5 Rf8 24. Bxc8 $2 (24. Bxe4 dxe4 25. Qb4 Ne5 $1 $44) 24... Qxc8 25.
Ra2 Rh6 $17 26. Qd1 (26. Nc3 Qe6 $17) 26... g5 27. Nf3 g4 28. hxg4 $2 (28. Ng1
gxh3+ $1 29. Rxh3 (29. Nxh3 Rxh3 $1 30. Rxh3 Rxf2+ 31. Rxf2 Qxh3+ 32. Kxh3
Nxf2+ 33. Kg2 Nxd1 $19) 29... Nxf2 $1 $17 {Tournament-bulletin} (29... Rxf2+ $1
{Petursson} 30. Rxf2 Rxh3 31. Rf8+ $1 Kxf8 32. Qf3+ Kg8 33. Nxh3 $15)) 28...
Rxh1 29. Qxh1 Qxg4 30. Nh2 (30. Qd1 {Petursson} Bxg3 $19) 30... Rxf2+ 0-1

[Event "Hoogovens"]
[Site "Wijk aan Zee"]
[Date "1998.01.16"]
[Round "1"]
[White "Gelfand, Boris"]
[Black "Polgar, Judit"]
[Result "1-0"]
[WhiteElo "2675"]
[BlackElo "2670"]
[Annotator "Gelfand,B"]
[PlyCount "139"]
[EventDate "1998.01.16"]
[EventType "tourn"]
[EventRounds "13"]
[EventCountry "NED"]
[EventCategory "17"]
[Source "ChessBase"]
[SourceDate "1998.03.26"]

1. d4 Nf6 2. c4 e6 3. Nc3 Bb4 4. e3 O-O 5. Bd3 d5 6. Nf3 c5 7. O-O cxd4 8. exd4
dxc4 9. Bxc4 b6 10. Bg5 Bb7 11. Ne5 Bxc3 12. bxc3 Nbd7 13. Qe2 Qc7 14. Nxd7
Nxd7 15. Rac1 Qc6 (15... e5) (15... Rfe8) (15... Rac8 16. Bd3 Rfe8 17. Qg4 Nf8
18. Rfe1 Ng6 19. Bb5 Bc6 20. Bxc6 Qxc6 21. h4 f5 22. Qg3 Qc7 23. Qf3 Qc6 24.
Qh3 Qd7 25. h5 Nh8 26. Bf4 Nf7 27. Re3 b5 $13 {0-1 Knaak,R-Enders,P/Dresden
1985/MCL 04}) 16. f3 (16. f4 $5) 16... Qd6 (16... Rac8 17. Bd3 (17. Bb5 Qd6 18.
Rfd1 a6 19. Bxa6 Bxa6 20. Qxa6 Qd5 {1/2-1/2 Ivkov,B-Barczay,L/Polanica Zdroj 
(03) ;MCL 06 1969 (30)}) 17... Qd6 18. Qc2 (18. Rfe1 h6 19. Bh4 Kh8 20. Bg3 Qe7
21. c4 Qf6 22. Qe3 {Scharch,R-Kosiol/1990/}) 18... h6 19. Bh4 Rfe8 20. Bg3 Qe7
21. Rfe1 Nf6 22. Qd2 Nh5 23. Bf2 Qf6 24. Be3 Red8 25. Bb1 b5 26. Rf1 e5 {0-1
Knaak,R-Vaisser,A/Szirak 1985/MCD-r8}) (16... a6 $5 17. Bd3 b5) 17. Rfd1 (17.
Rfe1 Rfc8 18. Bd3 Nf8 19. Bd2 Ng6 20. Qe3 Rd8 21. Kh1 Rac8 22. Bb1 Bd5 23. Qg5
Re8 24. Qg4 f5 25. Qg5 Bc4 26. Qe3 b5 27. Qf2 Ne7 {0-1 Kobalija,M-Kumaran,D/
Moscow-A 1996/EXT 97}) 17... Rfe8 (17... a6 18. a4 Rfc8 $5) 18. Bb3 (18. Bd3 e5
) 18... Rac8 19. Bh4 (19. c4 e5 20. d5 (20. dxe5 Qxe5 21. Qxe5 Nxe5 22. f4 h6 (
22... Ng4 23. c5 Rxc5 24. Rxc5 bxc5 25. h3 Ne3 26. Rd7 c4 27. Rxb7 cxb3 28.
axb3 $14) (22... Nc6 23. c5 (23. Ba4 Re2) 23... Na5 $11) 23. fxe5 (23. Bxh6 Ng4
24. Bg5 Re2) 23... hxg5 24. Rd7 Bc6 25. Rxa7 Rxe5 26. c5 Be8 $11) (20. c5 Qg6
21. Ba4 exd4) 20... Nc5 $13) 19... Qa3 $5 (19... e5 20. dxe5 Qxe5 21. Bxf7+ $18
) 20. c4 a5 (20... e5 21. Re1 (21. d5 Bxd5) 21... a5 $5 22. c5 $5 (22. Rcd1 Ba6
$1 (22... a4 23. Bc2 g6 24. Bd3) 23. dxe5 Nxe5 24. Rd5 f6) (22. Bg3 e4 (22...
a4 23. Bc2 exd4 24. Qxe8+ Rxe8 25. Rxe8+ Nf8 26. Rd1 $14 (26. Rce1 d3 27. Rd8
dxc2 28. Bd6 Qe3+ 29. Rxe3 c1=Q+ 30. Kf2 Qd2+ $11)) 23. fxe4 Rxe4 24. Qf2 Nf6
$132) 22... a4 (22... bxc5 23. Qb5 Bc6 24. Qc4) 23. Bc4 bxc5 24. Bb5 Bc6 (24...
exd4 25. Qxe8+ Rxe8 26. Rxe8+ Nf8 27. Rce1) 25. Bxc6 (25. d5 Bxb5 26. Qxb5 Qb4)
25... Rxc6 26. Qb5 $13) 21. Qd2 e5 (21... a4 22. Bc2) (21... Ba6 22. Rc3 (22.
d5 exd5 23. Qxd5 Nc5 $15) (22. Qd3 Nf8 $15) 22... Qb4 (22... a4 23. Bc2 Qb4 24.
Qd3 Nf8 25. Rb1 Qa5 26. Be1 $14) 23. Rc2 (23. Qc1 a4 24. a3 Qxb3 $1 25. Rxb3
axb3 $17) 23... Qxd2 (23... Qa3 24. Qc1) 24. Rdxd2 b5 25. cxb5 Bxb5 $11) 22. d5
(22. Bc2 g6 $132 (22... e4 23. Bxe4 Bxe4 24. fxe4 Rxe4 $13)) 22... e4 (22...
Ba6 23. Rc3) 23. Rc3 $5 (23. fxe4 Rxe4 24. Bf2 a4 $17) 23... Qb4 $2 (23... exf3
24. Rxf3 Ne5 25. Rg3 Ng6 (25... a4 26. Bf6 Ng6 27. Bb2 Qc5+ 28. Bd4 Qa3 29. Bc2
$18) 26. d6 a4 27. d7 Qc5+ 28. Kh1 axb3 29. dxc8=Q Qxc8 $11) (23... a4 $5 24.
Bc2 Qxa2 25. fxe4 $5 (25. Bxe4 Qxd2 26. Rxd2 g6 27. Rb2 f5 28. Bc2 Bxd5 29.
Bxa4 Bc6 $11) 25... Rxc4 (25... Ne5 26. d6 Bc6 $14) 26. e5 g6 (26... Kh8 27. e6
fxe6 28. dxe6 Nc5 29. e7 (29. Rxc4 Qxc4 30. Bf6 Nxe6) (29. Bf6 Rg4 30. Qh6 (30.
Rh3 Be4 (30... Qxe6 31. Rxh7+ Kg8 32. Rxg7+ Rxg7 33. Bxg7 Qg4 $11)) 30... Rxg2+
31. Kf1 Ne4 $19) 29... Rxh4 30. Qf2 Rg4 31. Qf8+ Qg8 32. Rd8 $40) 27. e6 fxe6
28. Qg5 (28. dxe6 Nc5) 28... Qxc2 $1 (28... Rxc3 29. Bxg6) 29. Rxc2 Rxc2 30.
dxe6 $5 Nc5 (30... Nf8 31. e7) 31. Rd8 Rxg2+ 32. Kf1 (32. Qxg2 Rxd8) 32... Rxg5
33. Rxe8+ Kg7 34. Bxg5 Bc6 35. Re7+ Kf8 $11) (23... b5 $2 24. fxe4 (24. cxb5
Rxc3 (24... a4 25. Bc4 Qb4 26. a3 Qa5 27. d6 $18) 25. Qxc3 a4 26. Qc7 Ne5 $132
(26... axb3 27. Qxd7 $16) (26... Bc8 27. Qa7)) 24... b4 25. Rg3 a4 26. Qh6 g6
27. Bg5 axb3 28. Rh3 $18) (23... Nc5 $5 24. Bf2 (24. d6 Bc6 25. Be7 (25. Bf2
Rcd8 $5 $13 (25... a4 26. Bc2 Qxa2 27. Bxc5 bxc5 28. d7 Bxd7 29. Qxd7 Qb2 30.
Qd2 $18)) 25... a4 26. Bc2 Qxa2 27. fxe4 Bxe4 28. Bxe4 Qxd2 29. Bxh7+ Kxh7 30.
Rxd2 Nd7 $13) 24... a4 25. Bc2 Qxa2 26. Bxc5 Rxc5 27. fxe4 Rxc4 28. e5 g6 29.
e6 fxe6 30. Qg5 Rf8 (30... Qxc2 31. Rxc2 Rxc2 32. Qe3 $13) 31. Rxc4 Qxc4 32.
Bxg6 hxg6 $11) (23... Ne5 24. d6 $16 (24. fxe4 a4 25. Bc2 Qxa2 {-23...a4})) 24.
Re3 $1 Qxd2 (24... Qd6 25. fxe4) (24... Nc5 25. Qxb4 axb4 26. Be1) 25. Rxd2 Nc5
(25... exf3 26. Rxe8+ Rxe8 27. Ba4) 26. fxe4 Rxe4 27. Rxe4 Nxe4 28. Re2 Nc5 (
28... f5 29. d6 $1 $18) 29. Bc2 $1 $18 (29. Bf2 a4 30. Bc2 Ba6 31. Bf5 Rd8 $16)
29... Ba6 30. Bf5 Rf8 (30... Bxc4 31. Rc2) 31. d6 Bxc4 (31... Bc8 32. Bxc8 Rxc8
33. Re7 Kf8 34. Rc7 $18) 32. Rd2 f6 (32... Be6 33. d7) 33. d7 Rd8 34. Bg3 Be6
35. Bc7 Bxf5 36. Bxd8 Nxd7 37. Rd6 Kf7 38. Bxb6 Ke7 39. Bc7 Be6 40. a3 $6 (40.
Rd2 a4 41. Kf2 $18) 40... a4 41. Rd2 (41. Ra6 $5 Bb3 42. Kf2) 41... h5 $6 (
41... Bb3 42. Kf2 Ke8 $16) 42. Kf2 $6 (42. Rd4 Bb3 43. Rh4 g6 44. Re4+ Kf7 45.
Bd6) 42... Bb3 43. Rd4 Ke8 $2 (43... g5 44. g3 Ke6 45. Rd6+ Ke7 46. Ra6 Kf7 47.
Bd8) (43... Ke6 $1 $16) 44. Rh4 g6 45. Re4+ Kf7 46. Bd6 Nb6 47. Re7+ Kg8 48.
Bc5 $18 Nd5 49. Ra7 Nf4 50. Bd4 Nd5 51. Kf3 Kf8 52. Ke4 Ke8 53. Ra5 Ne7 54.
Bxf6 Nc6 55. Rc5 Kd7 56. Be5 Ne7 57. Bf6 Nf5 58. Kf4 Nd6 59. Bc3 Nf7 60. Ra5
g5+ 61. Kf5 Nd6+ 62. Kg6 h4 63. Bb4 Ne4 64. Kf5 Bc2 65. Rd5+ Kc6 66. Ke5 Bb3
67. Rd4 Nf2 68. Rd2 Nd1 69. Kf5 Ne3+ 70. Kxg5 1-0

[Event "Budapest m 30'"]
[Site "Budapest"]
[Date "1998.06.09"]
[Round "1"]
[White "Karpov, Anatoly"]
[Black "Polgar, Judit"]
[Result "1/2-1/2"]
[WhiteElo "2735"]
[BlackElo "2670"]
[Annotator "Psakhis,L"]
[PlyCount "66"]
[EventDate "1998.06.09"]
[EventType "match (rapid)"]
[EventRounds "8"]
[EventCountry "HUN"]
[Source "ChessBase"]
[SourceDate "1998.08.06"]

1. d4 Nf6 2. c4 e6 3. Nf3 c5 {First game and first surprise! It is really very
strange, but Judit ( with her superactive stile) never played this interesting
opening.} 4. d5 {Interesting, but Karpov also has not great expierence in
Benoni, maybe because very often he met 3...c5 with 4.e3 or 4.g3.} d6 5. Nc3
exd5 6. cxd5 g6 7. e4 Bg7 8. h3 O-O 9. Bd3 b5 $1 {Clealy the best move! In all
other variations white keep some advantage without bog problems.} 10. Bxb5 {
Popular in recent practice 10.Nxb5 Re8, but Karpov likes move in  the text.}
Nxe4 11. Nxe4 Qa5+ 12. Nfd2 Qxb5 13. Nxd6 Qa6 14. N2c4 Nd7 {[%cal Gd7b6,Gd7e5]
14... Rd8!? was played in 3th game.} 15. O-O Nb6 16. Nxb6 Qxb6 17. Nxc8 Raxc8
18. Rb1 Rfd8 {[%csl Rd5][%cal Gg7d4]} 19. Bg5 (19. Bf4 {according to theory
strongest move ( Karpov played this move in 3th game) and difficult to argue
with this conclusion.}) 19... Rd7 20. Qg4 Qb7 21. Rfd1 h5 22. Qc4 {N/} ({Black
hasn,t any troubles and after} 22. Qf3 {for example} Bd4 23. b4 (23. Rxd4 cxd4
24. Qf6 Qb6) 23... Qxd5 24. Qxd5 Rxd5 25. Be3 Rcd8 26. bxc5 Bxe3 27. Rxd5 Rxd5
28. fxe3 Rxc5 {1/2-1/2 Ibragimov,I-De Firmian,N/Reykjavik op 1994}) 22... Bd4
23. Be3 Qxd5 (23... Rxd5 24. b4 $5) 24. Qxd5 (24. Rxd4 cxd4 25. Qxc8+ Rd8 26.
Qc7 dxe3 27. fxe3 Rd7 28. Qb8+ Kg7 29. Ra1 (29. Qb3 Qxb3 30. axb3 Rb7 $11)
29... Qe6) 24... Rxd5 25. Rd2 a5 $1 26. Kf1 (26. Rbd1 Rb8 27. b3 a4 28. bxa4
Rb4 29. a5 Ra4 $11) 26... Rb8 27. Rbd1 Rb4 28. a3 (28. Ke2 Re5 $11) (28. Bxd4
cxd4 29. Ke2 a4 $11) 28... Rb3 29. Bxd4 cxd4 30. Rxd4 Rxd4 31. Rxd4 Rxb2 32.
Rd5 Rb1+ 33. Ke2 Rb2+ (33... Rb2+ 34. Ke3 Rb3+ 35. Rd3 Rb2 $11) 1/2-1/2